000 00240nam a22000977a 4500
999 _c11464
_d11464
008 190525b ||||| |||| 00| 0 eng d
020 _a9780531115114
100 _aRiley Peter
_97180
245 _aElectricity
260 _aNewyork
_bFranklin Watts